| 000 | 00614cab a2200217 4500 | ||
|---|---|---|---|
| 001 | WB3225-04 | ||
| 008 | 090401t1996 xxu||||| |||| 00| 0 eng d | ||
| 035 | _a(Sirsi) u39926 | ||
| 041 | _aeng | ||
| 245 | _aEmpty industrial space decreases | ||
| 260 | _c1996 | ||
| 350 | _a0 | ||
| 490 |
_aDaily Telegraph _v24 June 1996, 25(1) |
||
| 520 | _aSummarises the findings of a survey by King Sturge on vacant industrial space in England and Wales. | ||
| 650 | _aFACTORIES | ||
| 650 | _aINDUSTRIAL SPACE | ||
| 650 | _aWAREHOUSES | ||
| 690 | _aPROPERTY-COMMERCIAL PROPERTY | ||
| 942 | _n0 | ||
| 948 | _c04/03/1997 | ||
| 999 |
_c25557 _d25557 |
||